| 000 | 00669nam a22001691i 4500 | ||
|---|---|---|---|
| 001 | 4507 | ||
| 090 | _a4507 | ||
| 100 | _a20170304u u u0frey50 ba | ||
| 101 | 0 | _apor | |
| 200 | 1 |
_fMaria José Miranda _aManual da Escala Colectiva de Nível Intelectual - (E.C.N.I) - Aferição para Portugal |
|
| 215 |
_a159p _d'23 cm' |
||
| 700 | 1 |
_aMiranda _bMaria José _4070 _f1944- |
|
| 210 |
_cInstituto Nacional de Investigação Científica: Centro de História da Cultura da Universidade Nova de Lisboa _aLisboa _d1983 |
||
| 225 | 2 |
_aPsicologia _v3 |
|
| 410 | 0 | _tPsicologia | |
| 996 |
_f0004901 _kMIR _m00000000 _n00000000 _aBMVA _b1 _vViana do Alentejo _xPsicologia _y25 _eLivro _10 _31 |
||
| 990 | _cLIVROS | ||